004590000a22001210004500060000800000082001900008245010600027260005100133260000900184300000800193310002300201650011300224 a105 a630.954 REP.13 areport of the national commission on agriculture part 13 rural employment and special area programmes aNewdelhi, Ministry of agriculture & Irrigation c1976 a191 aGovt. of indiaeIN aNational commission onagriculture- report/ agriculture/ rural employment/ special area development programme